| 000 | 01272nam a2200265Ia 4500 | ||
|---|---|---|---|
| 003 | Ost | ||
| 005 | 20260416102354.0 | ||
| 008 | 260416s9999||||xx |||||||||||||| ||und|| | ||
| 040 | _cfsecg | ||
| 041 | _aara | ||
| 082 | _a339 | ||
| 100 |
_aدعمي، محمد _eمؤلف |
||
| 245 | 0 |
_aالإقتصاد الكلي 1 مع تمارين محلولة وأخرى مقترحة للحل / _c محمد دعمي |
|
| 260 |
_aالجزائر _bجامعة الجزائر3: كلية العلوم الإقتصادية، العلوم التجارية وعلوم التسيير _c2019 |
||
| 300 |
_a144 ورقة _bايضاحات _c30 سم |
||
| 504 | _aمراجع ص.144 | ||
| 520 | _aالمفاهيم الأساسية المتعلقة بالاقتصاد الكلي، حسابات الناتج الوطني، النموذج الكلاسيكي، النموذج الكنزي البسيط | ||
| 653 | _aالاقتصاد الكلي | ||
| 653 | _aالانتاج | ||
| 653 | _aالعرض و الطلب | ||
| 653 | _aالمشاكل الاقتصادية | ||
| 653 | _aالنظم الاقتصادية | ||
| 710 |
_aجامعة الجزائر3: كلية العلوم الإقتصادية، العلوم التجارية وعلوم التسيير _eناشر علمي |
||
| 942 | _cHANDOUT | ||
| 999 |
_c41115 _d41115 |
||